000 00452nam a2200157 i 4500
001 bg
100 1 _aSKIBIŃSKI, Aleksander
245 0 _aObsługa i naprawy silników elektrycznych :
_bzasady bezpiecznej pracy /
_cAleksander Skibiński.
260 _aWarszawa,
_c1984.
650 9 _aSilniki elektryczne
_xobsługa i eksploatacja
040 _cBPK
041 _apol
080 _a621.313.1
942 _cKS
008 s pl f |000 0 pol
999 _c1093
_d1093
856 _uhttp://koha.tu.koszalin.pl/cgi-bin/koha/opac-detail.pl?biblionumber=1093
_yKatalog online BPK